[Event "Rio de Janeiro Alex op"]
[Site "Rio de Janeiro"]
[Date "2016.06.18"]
[Round "3"]
[White "Ferreira de Almeida, Roberto"]
[Black "Ramos, Angelo Bil"]
[Result "1/2-1/2"]
[WhiteElo "1817"]
[BlackElo "2033"]
[PlyCount "114"]
[EventDate "2016.06.12"]
[EventType "swiss"]
[EventRounds "6"]
[EventCountry "BRA"]
[SourceTitle "CBM 173 Extra"]
[Source "ChessBase"]
[SourceDate "2016.08.29"]
[SourceVersion "1"]
[SourceVersionDate "2016.08.29"]
[SourceQuality "1"]

1. e4 e5 2. Nf3 Nc6 3. Bc4 Nf6 4. Nc3 Bb4 5. d3 Bxc3+ 6. bxc3 0-0 7. 0-0 h6 8. a4 d6 9. h3 Na5 10. Bb3 c5 11. Bd5 Nxd5 12. exd5 c4 13. Nd2 Qc7 14. Bb2 b6 15. Ba3 Ba6 16. d4 exd4 17. Ne4 Nb7 18. Qxd4 f5 19. Nd2 Rae8 20. Rfe1 Nd8 21. Qf4 Nf7 22. Re6 Rxe6 23. dxe6 Ne5 24. Qd4 Rd8 25. f4 Nc6 26. Qd5 Ne7 27. Qd4 Qc6 28. a5 Bb7 29. Nf3 Qd5 30. axb6 Qxe6 31. Re1 Qd7 32. Qxc4+ Bd5 33. Qc7 Nc6 34. Nh4 axb6 35. Qxb6 Be4 36. c4 Ra8 37. Qe3 Na5 38. Qd4 Qa7 39. Qxa7 Rxa7 40. Bxd6 Nxc4 41. Be5 Kf7 42. Bd4 Ra2 43. Ra1 Rxa1+ 44. Bxa1 Bxc2 45. Nf3 g6 46. Kf2 Be4 47. Ne5+ Nxe5 48. fxe5 g5 49. g3 h5 50. Ke3 Bd5 51. Bc3 Ke6 52. h4 f4+ 53. gxf4 gxh4 54. Kf2 Kf5 55. Bd2 Kg4 56. Kg1 h3 57. Kh2 Be6 1/2-1/2